000 00347nmm a2200145 a 4500
003 AR-BaBNM
005 20251128203135.0
008 054019s1898 ||||||||||||||000 | spa||
040 _cAR-BaBNM
100 1 _aHuergo, José M.
245 1 0 _aLa viti-vinicultura
260 _a[S.l.]
_bPenitenciaría Nacional
_c1898
942 _cBK
998 _cPicasso
999 _c2093
_d2093